Language Quiz

Random Language or Numbers Quiz

German Speaking Countries Quiz Stats

 Plays Quiz Updated Sep 28, 2021

Support Sporcle.
Go Orange.
Score 0/6 Timer 01:00
2 Plays Today
Population Country % Correct
79,903,481Germany
99.8%
8,884,864Austria
92.3%
8,453,550Switzerland
87.8%
639,589Luxembourg
66.9%
39,425Liechtenstein
65.9%
11,778,842Belgium
64.9%

From the Vault

The First Thanksgiving Feast

by Juvo415

Holiday 5m
If you want a real traditional Thanksgiving feast, try making these foods.
Remove Ads.
Support Sporcle.
Get the best of Sporcle when you Go Orange. This ad-free experience offers more features, more stats, and more fun while also helping to support Sporcle. Thank you for becoming a member.

Show Comments

Extras

Top Quizzes Today


Score Distribution

Your Account Isn't Verified!

In order to create a playlist on Sporcle, you need to verify the email address you used during registration. Go to your Sporcle Settings to finish the process.

Report this User

Report this user for behavior that violates our Community Guidelines.

Details: